000 00701cam a22002293a 4500
001 31705
003 PGUSA
005 20140828083703.0
008 100320s2010||||xxu|||||s|||||000 | eng d
040 _aPGUSA
_beng
042 _adc
050 4 _aHQ
100 1 _aKellicott, William E.
_q(William Erskine),
_d1878-1919
245 1 4 _aThe Social Direction of Evolution :
_bAn Outline of the Science of Eugenics
_h[electronic resource] /
_cWilliam E. Kellicott
260 _bProject Gutenberg,
_c2010
506 _aPublic domain in the USA.
516 _aElectronic text
653 _aEugenics
830 0 _aProject Gutenberg
_v31705
856 4 0 _uhttp://www.gutenberg.org/ebooks/31705
942 _cEB
999 _c260960
_d260960